اللؤلؤ المكنون : (رقم التسجيلة. 128189)

تفاصيل مارك
000 -الفاتح
عناصر البيانات ثابتة الطول 00759cam a2200217 i 4500
005 - تاريخ ووقت آخر معاملة
حقل ضبط 20251112132645.0
008 - عناصر البيانات ثابتة الطول
عناصر البيانات ثابتة الطول 250721s2014 jo gr 000 0 ara d
020 ## - الترقيم الدولي المعياري للكتب (ردمك)
الترقيم الدولي المعياري للكتب (ردمك) 9789957742683
082 14 - رقم تصنيف ديوي العشري
رقم التصنيف 128
رقم المادة ح ج ا
100 1# - مدخل رئيسي – اسم شخصي
الاسم الشخصي حجازي، احمد توفيق.
علاقة الشخص بالعمل/ دوره مؤلف.
245 12 - بيان العنوان
العنوان اللؤلؤ المكنون :
بقية العنوان سرار خفية و آفاق فكرية /
بيان المسؤولية الصيدلاني الدكتور أحمد توفيق حجازي.
250 ## - بيان الطبعة
بيان الطبعة الطبعة الاولى.
264 31 - بيانات النشر، التوزيع…إلخ
مكان النشر، التوزيع...إلخ عمان :
اسم الناشر، الموزع...إلخ دار كنوز المعرفة،
تاريخ النشر، التوزيع...إلخ 2013.
300 ## - الوصف المادي
عدد الوحدات المكونة للوعاء 399 صفحة.
650 17 - مدخل إضافي بالموضوع - مصطلح موضوعي
مصطلح موضوعي أو اسم جغرافي كعنصر مدخل الوجود.
650 17 - مدخل إضافي بالموضوع - مصطلح موضوعي
مصطلح موضوعي أو اسم جغرافي كعنصر مدخل علم الوجود.
650 17 - مدخل إضافي بالموضوع - مصطلح موضوعي
مصطلح موضوعي أو اسم جغرافي كعنصر مدخل علم النفس.
650 17 - مدخل إضافي بالموضوع - مصطلح موضوعي
مصطلح موضوعي أو اسم جغرافي كعنصر مدخل الفلسفة.
942 ## - بيانات إضافية (كوها)
نوع التنصيف Dewey Decimal Classification
نوع المادة (كوها) كتب
المقتنيات
حالة السحب حالة الفقدان مصدر التصنيف حالة التلف غير قابل للإعارة المكتبة الرئيسية المكتبة الحالية موقع الرف تاريخ التزويد الرقم المتسلسل Total Checkouts رقم الإستدعاء الباركود تاريخ آخر ظهور تاريخ الفاتورة نوع المادة (كوها)
    Dewey Decimal Classification     المكتبة المركزية المكتبة المركزية الإعارة 28/07/2025 1566020   128 / ح ج ا PLD00291744 28/07/2025 28/07/2025 كتب
    Dewey Decimal Classification     مكتبة أبو علندا العامة مكتبة أبو علندا العامة الإعارة 08/01/2014 1566029   128/حجا PLD00291770 28/07/2025 08/01/2014 كتب
    Dewey Decimal Classification     مكتبة الاميرة بديعة مكتبة الاميرة بديعة الإعارة 08/01/2014 1566022   128/حجا PLD00291763 28/07/2025 08/01/2014 كتب
    Dewey Decimal Classification     مكتبة الجويدة مكتبة الجويدة الإعارة 08/01/2014 1566024   128/حجا PLD00291765 28/07/2025 08/01/2014 كتب
    Dewey Decimal Classification     مكتبة النصر العامة مكتبة النصر العامة الإعارة 08/01/2014 1566023   128/حجا PLD00291764 28/07/2025 08/01/2014 كتب
    Dewey Decimal Classification     مكتبة حمزة العامة مكتبة حمزة العامة الإعارة 08/01/2014 1566027   128/حجا PLD00291768 28/07/2025 08/01/2014 كتب
    Dewey Decimal Classification     مكتبة وادي السير العامة مكتبة وادي السير العامة الإعارة 08/01/2014 1566028   128/حجا PLD00291769 28/07/2025 08/01/2014 كتب
    Dewey Decimal Classification     مكتبةمؤتة مكتبةمؤتة الإعارة 08/01/2014 1566025   128/حجا PLD00291766 28/07/2025 08/01/2014 كتب
Implemented & Customized by: BBB with SCIT (Smart Chains for Information Technology)

Powered by Koha